000 00784nam a2200253Ia 4500
003 OSt
005 20221005105121.0
006 a|||||r|||| 00| 0
007 ta
008 221004b |||||||| |||| 00| 0 hin d
024 _a121409
037 _bGift, 20/09/2012,
_cTextual
040 _aCRL
_cCRL
_bhin
041 _2hin
_ahin
082 _aO152,6x, Q0
100 _aपचौरी, सुधीश
245 0 _aपुनर्लेखन
246 _aPunarlekhana
260 _aदिल्ली
_bहिन्दी विभाग
_c2010
300 _a130पृ0
_ccm.
650 _aहिन्दी साहित्य
942 _hO152,6x, Q0
_cTEXL
_2cc
999 _c1014812
_d1014812